| 000 | 00599nam a2200217Ia 4500 | ||
|---|---|---|---|
| 999 |
_c32548 _d32548 |
||
| 003 | OSt | ||
| 005 | 20210530223804.0 | ||
| 008 | 160316s2006 xxu||||| |||| 00| 0 eng d | ||
| 020 | _a9780735560819 | ||
| 040 | _cn | ||
| 082 |
_a343.072100 _bARE-I(B) |
||
| 100 | _aAreeda Philip E | ||
| 245 | _aAntitrust law : An analysis of antitrust principles and their application Vol. I(B) | ||
| 250 | _a3rd | ||
| 260 |
_aBoston _bAspen Law & Business _c2006 |
||
| 300 |
_a385p _cxxi |
||
| 365 | _bRs. 1,98,199 | ||
| 650 | _a1. Antitrust Law - U S A | ||
| 700 |
_aHovenkamp Herbert _a |
||
| 942 |
_2ddc _cBK |
||